Polypropylene Cable Insulation /

Salvato in:
Dettagli Bibliografici
Autori principali: Du, Boxue (Autore), Li, Zhonglei (Autore)
Natura: Libro
Lingua:inglese
Pubblicazione: New Jersey : Wiley, 2025
Tags: Aggiungi Tag
Nessun Tag, puoi essere il primo ad aggiungerne!!

MARC

LEADER 00000nam a22000003a 4500
001 0117128
003 SK-STU
005 20250918101231.9
007 ta
008 250918s ----xo-----e------000-0-----d
020 |a 978-1-394-23443-1 
040 |a STU  |b slo 
041 0 |a eng 
044 |a xxu 
100 1 |a Du, Boxue  |4 aut  |r Z6 
245 1 0 |a Polypropylene Cable Insulation /  |c aut. Boxue Du, Zhonglei Li 
260 |a New Jersey :  |b Wiley,  |c 2025 
300 |a 379 s. 
700 1 |a Li, Zhonglei  |r Z6  |4 aut 
996 |b 284EK91105  |c E* 91105  |l EE32  |s P  |a 0  |w 0117128_0001